1598 1126 1600 1904 1832 1710 1085 1934 1670 1322 1307 1960 1284 1736 1209 1195 1119 1754 1851 1294 1752 1849 1811 1517 1030 1827 1074 1201 1124 1536 1734 1140 1052 1573 1553 1585 1871 1140 1216 1161 1496 1583 1775 1929 1721 1233 1195 1308 1268 1150 1749 1125 1169 1300 1923 1631 1451 1990 1999 1124 1382 1174 1732 1825 1364 1822 1710 1732 1213 1264 1494 1556 1108 1170 1463 1827 1652 1422 1484 1384 1222 1960 1152 1811 1723 1503 1970 1161 1603 1185 1626 1912 1013 1662 1581 1345 1251 1734 1996 BCNSPRNW ULIB Ver.6.0+V

เปลี่ยนเป็นภาษาไทย

Change to English
 แสดงรายละเอียดบรรณานุกรม
  กลับหน้าหลัก

Brief Record : Get Marc (ISO 2709) : E-mail record : QR code < ปิดหน้าต่าง
LEADER : 00000nam 2200000uu 4500
001    13399120822
003     ULIB
008    020711s2552 th a 000 0 tha d
020    9789743573552
090    นว.^bส174ค
100    Stephenie Meyer
245    Eclipse /^cStephenie Meyer
250    พิมพ์ครั้งที่ 8
260    กรุงเทพฯ :^bปราชญ์เปรียว,^c2552
300    580 หน้า
945    ^p365^l0^i16312
999    ^aทศพร เกษรทอง
รายการนี้ยังไม่มีแท็ก
คุณยังไม่ได้ล็อกอิน คุณสามารถมีกิจกรรมร่วมกับเว็บไซต์ได้ แต่ต้องล็อกอินก่อน ::
  ล็อกอิน

รายการสื่อสารสนเทศ

ลำดับที่ ประเภท เลขเรียก/บาร์โค้ด สถานที่ สถานะ
1. นวนิยาย
นวนิยาย
นว. ส174ค ฉ.1 
  Barcode: 16312
ห้องสมุดวิทยาเขตสวรรค์ประชารักษ์
►นวนิยาย
บนชั้น
  ขอยืม

BibComment


ยังไม่เคยถูกคอมเมนท์

คอมเมนท์ทรัพยากรรายการนี้
  คอมเมนท์: Eclipse Stepheni..


 Copyright 2026. Bcnsprnw @Library